000 00356nam a2200133Ia 4500
005 20260328104317.0
008 260328s9999||||xx |||||||||||||| ||und||
100 _aYates, Derek
245 0 _aCommunication Design, insights from the Creative industries. /
_cDerek Yates
260 _bBloomsbury
300 _a207 p.
650 _aDISEÑADORES
942 _cBK
999 _c11212
_d11212